| 000 | 00903nam a2200253Ia 4500 | ||
|---|---|---|---|
| 003 | OSt | ||
| 005 | 20210511182400.0 | ||
| 008 | 210310s1995 ck aceogr 000 0 spa d | ||
| 020 | _a9586122387 | ||
| 040 |
_aCO-JMCR _cCO-JMCR |
||
| 041 | 0 | _aspa | |
| 082 | 0 | 4 |
_a069.09861 / _bS238i _223 |
| 100 | 1 |
_aSegura, Martha, _eautor _92175 |
|
| 245 | 1 | 0 |
_aItinerario del museo nacional de colombia tomo II : _bhistoria de las sedes / _cMartha Segura |
| 250 | _aPrimera edición | ||
| 260 |
_aBogotá : _bMuseo Nacional de Colombia, _c1995. |
||
| 300 |
_a118 páginas : _bilustraciones, planos y fotografías a color, _c20 cm. |
||
| 500 | _aIncluye biografía de la autora en solapa frontal. | ||
| 505 | _aHistoria de las sedes. -- Los directores. | ||
| 650 | 1 | 4 |
_aDesarrollo económico. _925953 |
| 650 | 2 | 4 |
_aCondiciones económicas. _937567 |
| 650 | 2 | 4 |
_aProyectos de desarrollo _94149 |
| 942 |
_2ddc _cBK |
||
| 999 |
_c11602 _d11602 |
||